000
00228 a2200097 4500
001
47911
100
_a
Degras J
245
_a
The Communist International
260
_a
London
_b
Oxford University Press
_c
090
_c
30906
_d
30906
942
_a
NUST-CAE
_c
M
_c
23232
999
_c
282984
_d
282984